000 00734nam a2200265Ia 4500
003 OSt
005 20220927105246.0
006 a|||||r|||| 00| 0
007 ta
008 220926b |||||||| |||| 00| 0 eng d
020 _a080148796X
024 _a147940
037 _cReference Collections
040 _aRTL
_cRTL
_beng
041 _2eng
_aeng
082 _a"Y394, P2"
100 _aTerry Fiona
_9371335
245 0 _aCondemned to repeat? The paradox of humanitarian action
260 _aIthaca
_bCornell University Press
_c2002
300 _a"xiv, 282p"
_ccm.
500 _aAppendix P 247-275
650 _aSociology
942 _h"Y394, P2"
_cCC
999 _c691546
_d691546